000 00354nam a22001577a 4500
003 MPLRDC
005 20220104163905.0
008 210129b ||||| |||| 00| 0 eng d
082 _a870.57 KRAa
100 _aJUDITH KRANTZ
245 _aPRINCESS DAISY
_c
260 _a
_bBANTAM BOOK
_c1980
300 _b
650 _a
942 _cBK
_o870.57 KRAa
999 _c56690
_d56680